| 000 | 01003nam a2200313Ia 4500 | ||
|---|---|---|---|
| 003 | OSt | ||
| 005 | 20221006155845.0 | ||
| 006 | a|||||r|||| 00| 0 | ||
| 007 | ta | ||
| 008 | 221006b |||||||| |||| 00| 0 eng d | ||
| 020 |
_a9780824832827 _c¥5040 |
||
| 024 | _a43,690 | ||
| 037 |
_bGift, Japan Foundation _cTextual |
||
| 040 |
_aEASL _cEASL _beng |
||
| 041 |
_2eng _aeng |
||
| 082 | _aX.42vN89, P9 | ||
| 100 |
_aO'Bryan Scott _9670650 |
||
| 245 | 0 |
_aGrowth Idea _b Purpose and prosperity in postwar Japan |
|
| 260 |
_aHonolulu _bUniversity of Hawaii Press _c2009 |
||
| 300 |
_a261p. _ccm. |
||
| 490 |
_v JEL _aStudies of the Weatherhead East Asian Institute |
||
| 650 |
_a Economic development - Japan - History _9670651 |
||
| 650 | _a Japan - Economic conditions | ||
| 650 |
_a Japan - Social conditions _9582428 |
||
| 650 | _a JEL | ||
| 650 | _aJapan - History | ||
| 942 |
_hX.42vN89, P9 _cTEXL _2CC |
||
| 999 |
_c1111776 _d1111776 |
||